Matematické a štatistické grafy jazyka R prostrednictvom Shiny aplikácií bakalárska práca
Gespeichert in:
| 1. Verfasser: | |
|---|---|
| Körperschaft: | |
| Weitere Verfasser: | |
| Format: | Buch |
| Sprache: | Slowakisch |
| Veröffentlicht: |
Bratislava
2025
|
| Tags: |
Keine Tags, Fügen Sie das erste Tag hinzu!
|
MARC
| LEADER | 00000nbm a2200000 4500 | ||
|---|---|---|---|
| 001 | 0310649 | ||
| 005 | 20260218131815.3 | ||
| 041 | 0 | |a slo | |
| 044 | |a SK | ||
| 245 | 1 | 0 | |a Matematické a štatistické grafy jazyka R prostrednictvom Shiny aplikácií |b bakalárska práca |c Timea Blahutová ; školiteľ: František Slaninka |
| 264 | 1 | |a Bratislava |c 2025 | |
| 300 | |a 52 s. | ||
| 100 | 1 | |a Blahutová, Timea | |
| 700 | 1 | |a Slaninka, František, 1973- | |
| 710 | 2 | |a Fakulta hospodárskej informatiky EU. Katedra matematiky a aktuárstva | |